Bài tập đại số và số học

Tóm tắt lý thuyết, các bài tập cơ bản và chuyên sâu về cơ sở logic toán học, tập hợp và ánh xạ; Số tự nhiên, vành số nguyên và các trường số; Các cấu trúc đại số : nhóm, vành, trường và đa thức...

Full description

Saved in:
Bibliographic Details
Main Author: Phan, Doãn Thoại
Format: Book
Language:Undetermined
Published: Hà Nội Đại học Sư phạm Hà Nội 2007
Subjects:
Tags: Add Tag
No Tags, Be the first to tag this record!
Institutions: Trung tâm Học liệu Trường Đại học Cần Thơ
LEADER 01040nam a2200217Ia 4500
001 CTU_140764
008 210402s9999 xx 000 0 und d
020 |c 38000 
082 |a 512.0076 
082 |b Th404 
100 |a Phan, Doãn Thoại 
245 0 |a Bài tập đại số và số học 
245 0 |c Phan Doãn Thoại (chủ biên), Bùi Huy Hiền, Nguyễn Hữu Hoan 
260 |a Hà Nội 
260 |b Đại học Sư phạm Hà Nội 
260 |c 2007 
520 |a Tóm tắt lý thuyết, các bài tập cơ bản và chuyên sâu về cơ sở logic toán học, tập hợp và ánh xạ; Số tự nhiên, vành số nguyên và các trường số; Các cấu trúc đại số : nhóm, vành, trường và đa thức 
650 |a Algebra,Số học 
650 |x problems, exercises, etc,Các vấn đề và bài tập vv... 
904 |i Hạ Nguyên 
980 |a Trung tâm Học liệu Trường Đại học Cần Thơ